000 00638nam a2200241Ia 4500
003 OSt
005 20220918200721.0
006 a|||||r|||| 00| 0
007 ta
008 220917b |||||||| |||| 00| 0 eng d
024 _a89,973
037 _cTextual
040 _aARTS
_cARTS
_beng
041 _2eng
_aeng
082 _aU8.40j73.L8, K6
100 _aCoxe W
_995264
245 0 _aRussian discoveries between Asia and America
260 _aAnn arbor
_bUniv of Micro
_c1966
300 _axxiiii, 344p.
_ccm.
650 _aGEOGRAPHY
942 _hU8.40j73.L8, K6
_cTEXL
_2CC
999 _c213642
_d213642